000 00611cam a2200229 4500
001 D9713
008 071126s1977 xxka f 001 0ceng
035 _a(Sirsi) u21814
041 _aeng
050 0 4 _a920 $2 18
100 1 _aWatson, John
245 0 0 _aSavills
_ba family and a firm, 1652-1977
260 _aLondon
_bHutchinson Benham
_c1977
300 _a172 p.
_bill.
_c24 cm.
350 _a4.5
520 _aA history of the firm of Savills.
610 2 4 _aSavills
_92020
651 4 _aUnited Kingdom
_y
690 _aABOUT RICS-RICS MEMBERS-CHARTERED SURVEYORS
942 _n0
948 _c04/03/1997
999 _c88068
_d88068